Charakteristika súčasného stavu využitia prístavov Bratislava a Komárno – silné stránky a príležitosti bakalárska práca

Gespeichert in:
Bibliographische Detailangaben
1. Verfasser: Smetana, Štefan
Körperschaft: Obchodná fakulta EU. Katedra medzinárodného obchodu
Weitere Verfasser: Drobcová, Lenka, 1976-
Format: Buch
Sprache:Slowakisch
Veröffentlicht: Bratislava 2015
Tags: Tag hinzufügen
Keine Tags, Fügen Sie das erste Tag hinzu!

MARC

LEADER 00000nbm a2200000 4500
001 0203318
005 20161212110043.4
041 0 |a slo 
044 |a SK 
245 1 0 |a Charakteristika súčasného stavu využitia prístavov Bratislava a Komárno – silné stránky a príležitosti  |b bakalárska práca  |c Štefan Smetana ; školiteľ: Lenka Drobcová 
264 1 |a Bratislava  |c 2015 
300 |a 49 s. 
100 1 |a Smetana, Štefan 
700 1 |a Drobcová, Lenka, 1976- 
710 2 |a Obchodná fakulta EU. Katedra medzinárodného obchodu